Most Streamed Baby Keem Songs - Statistics

General Stats
  • This quiz has been taken 140 times
  • The average score is 11 of 20
Answer Stats
# Streams Answer % Correct
1 1,043,653,128 family ties
99%
4 459,890,230 16
85%
2 804,222,406 ORANGE SODA
84%
3 559,618,457 HONEST
83%
7 229,769,746 trademark usa
79%
11 119,105,799 range brothers
69%
8 170,402,206 durag activity
66%
6 238,232,582 lost souls
66%
9 134,845,472 vent
63%
13 112,783,402 STATS
52%
16 81,221,090 The Hillbillies
52%
15 82,337,475 Baby Keem
49%
10 133,541,685 Savior
45%
19 56,718,220 booman
38%
12 114,445,280 hooligan
30%
5 238,323,993 leavemealone
28%
17 78,489,289 first order of business
25%
14 94,965,865 highway 95
24%
18 57,728,349 APOLOGIZE
18%
20 47,167,433 no sense
16%
No matching quizzes found
Score Distribution
Percent of People with Each Score
Percentile by Number Answered
Your Score History
You have not taken this quiz